Statystyki dla Państwa Australii i Oceanii.

Kliknij tutaj aby rozwiązać quiz!

Ogólne statystyki

  • Ten quiz został rozwiązany 6 183 razy
  • Średni wynik to 9 z 14

Statystyki odpowiedzi

Pańśtwo% Poprawnych
Australia
98%
Nowa Zelandia
90%
Fidżi
71%
Papua- Nowa Gwinea
70%
Wyspy Salomona
67%
Wyspy Marshalla
65%
Mikronezja
63%
Palau
58%
Tuvalu
58%
Nauru
57%
Kiribati
56%
Vanuatu
56%
Samoa
52%
Tonga
52%

Rozkład punktacji

Percentyl według liczby udzielonych odpowiedzi

Procent ludzi z każdym wynikiem

Twoja historia wyników

Nie rozwiązałeś tego quizu